| 000 | 00499cam a2200193ua 4500 | ||
|---|---|---|---|
| 020 | _c8.00 | ||
| 041 |
_amal _h |
||
| 082 |
_a028.73001 _bKRI/MA |
||
| 100 | _aKrishna Warrier, N.V. | ||
| 245 | 0 | 0 |
_aManavika sabdavali, Vol 2 / _cN V Krishna Warrier. _hTextual Documents |
| 250 |
_a1 / _b. |
||
| 260 |
_aThiruvananthapuram : _bState Instititute of Languages , _c1970. |
||
| 300 | _a458 ; . | ||
| 365 | _a8.00 | ||
| 504 | _a | ||
| 942 | _cBK | ||
| 999 |
_c9885 _d9885 |
||